| 000 | 00461nam a2200133Ia 4500 | ||
|---|---|---|---|
| 008 | 220615s9999||||xx |||||||||||||| ||und|| | ||
| 022 | _a2633-1403 | ||
| 245 | 0 |
_aSwarm Intelligence _bRecent Advances, New Perspectives and Applications |
|
| 546 | _aEnglish[eng] | ||
| 650 | _aArtificial intelligence | ||
| 700 | _aDel Ser, Javier||Villar, Esther||Osaba, Eneko | ||
| 856 | _uhttps://mts.intechopen.com/storage/books/7726/authors_book/authors_book.pdf | ||
| 942 | _cEB | ||
| 999 |
_c8408 _d8408 |
||